LIBRARY & INFORMATION CENTRE, KCAET, TAVANUR

ONLINE PUBLIC ACCESS CATALOGUE (OPAC)

Soil Microbiology (Record no. 14562)

MARC details
000 -LEADER
fixed length control field 00269nam a22001217a 4500
020 ## - INTERNATIONAL STANDARD BOOK NUMBER
ISBN 9789382036678
082 ## - DEWEY DECIMAL CLASSIFICATION NUMBER
Classification number 631.46
Item number AGG/SO
100 ## - MAIN ENTRY--AUTHOR NAME
Personal name Aggarwal,R.M
245 ## - TITLE STATEMENT
Title Soil Microbiology
260 ## - PUBLICATION, DISTRIBUTION, ETC. (IMPRINT)
Place of publication New Delhi
Name of publisher Black Prints
Year of publication 2014
300 ## - PHYSICAL DESCRIPTION
Number of Pages 286
942 ## - ADDED ENTRY ELEMENTS (KOHA)
Koha item type Books
Holdings
Withdrawn status Lost status Damaged status Collection code Home library Current library Shelving location Date acquired Source of acquisition Cost, normal purchase price Full call number Accession Number Koha item type
        KAUAET KAUAET General Stacks 16/07/2016 Southern Book Star, Tvm 895.00 631.46 AGG/SO 24556 Books
free website counter